Haryana flood manual containing instructions regarding relief on account of floods (Record no. 484266)

000 -LEADER
fixed length control field 00490cam a22001217a 4500
008 - FIXED-LENGTH DATA ELEMENTS--GENERAL INFORMATION
fixed length control field 180718b-- xxu||||| |||| 00| 0 eng d
082 ## - DEWEY DECIMAL CLASSIFICATION NUMBER
Classification number V431x5432 H266
245 ## - TITLE STATEMENT
Title Haryana flood manual containing instructions regarding relief on account of floods
Statement of responsibility, etc. by Financial Commissioner & Secretary
260 ## - PUBLICATION, DISTRIBUTION, ETC.
Place of publication, distribution, etc. Chandigarh
Name of publisher, distributor, etc. Financial Commissioner & Secretary
Date of publication, distribution, etc. --
500 ## - GENERAL NOTE
General note Library has 1989, 1996
650 ## - SUBJECT ADDED ENTRY--TOPICAL TERM
Topical term or geographic name entry element Floods manual - India - Haryana
700 ## - ADDED ENTRY--PERSONAL NAME
Personal name Haryana. Financial Commissioner & Secretary
Holdings
Withdrawn status Lost status Damaged status Not for loan Permanent Location Current Location Date acquired Full call number Barcode Date last seen Price effective from Koha item type
        Indian Institute of Public Administration Indian Institute of Public Administration 2018-08-04 V431x5432 H266 GG22439 2018-08-04 2018-08-04 GG
        Indian Institute of Public Administration Indian Institute of Public Administration 2018-08-04 V431x5432 H266 GG22363 2018-08-04 2018-08-04 GG

Powered by Koha